Catálogo de obras restauradas, 1964-1966 : (Record no. 184961)

MARC details
000 -LEADER
campo de control de longitud fija 00778nam a2200169 i 4500
001 - NÚMERO DE CONTROL
campo de control 184961
003 - IDENTIFICADOR DE NÚMERO DE CONTROL
campo de control ES-MaACL
005 - FECHA Y HORA DE LA ÚLTIMA TRANSACCIÓN
campo de control 20230906222323.0
008 - DATOS DE LONGITUD FIJA--INFORMACIÓN GENERAL
campo de control de longitud fija 160229s1968 sp |||| | spa d
110 2# - ENTRADA PRINCIPAL--NOMBRE DE ENTIDAD CORPORATIVA
Nombre de entidad corporativa o nombre de jurisdicción como elemento de entrada Instituto Central de Restauración y Conservación de Obras y Objetos de Arte, Arqueología y Etnología (España)
9 (RLIN) 163129
245 10 - MENCIÓN DEL TÍTULO
Título Catálogo de obras restauradas, 1964-1966 :
Resto del título sección de pintura.
260 ## - PUBLICACIÓN, DISTRIBUCIÓN, ETC.
Lugar de publicación, distribución, etc. Madrid :
Nombre del editor, distribuidor, etc. Ministerio de Educación y Ciencia, Dirección General de Bellas Artes,
Fecha de publicación, distribución, etc. [1968]
300 ## - DESCRIPCIÓN FÍSICA
Extensión 205 p., 50 lám. ;
Dimensiones 24 cm.
594 ## - Nota al título y mención de responsabilidad
Nota al título y mención de responsabilidad Precede al título: Instituto Central de Conservación y Restauración de Obras de Arte, Arqueología y Etnología.
650 #4 - PUNTO DE ACCESO ADICIONAL DE MATERIA--TÉRMINO DE MATERIA
Término de materia o nombre geográfico como elemento de entrada Pintura-
Subdivisión general Restauración-
Subdivisión geográfica España.
9 (RLIN) 158887
852 ## - LOCALIZACIÓN
Ubicación ES-MaACL
Número de control de estantería C-46106
Holdings
Estatus retirado Estado de pérdida Estado de daño No para préstamo Biblioteca de origen Biblioteca actual Ubicación en estantería Fecha de adquisición Fuente de adquisición Total de préstamos Signatura topográfica completa Código de barras Visto por última vez Precio de reemplazo Tipo de ítem Koha
        Biblioteca del Ateneo de Madrid Biblioteca del Ateneo de Madrid Depósito 2 29/02/2016     C-46106 1194812 23/02/2023 23/02/2023 Libro impreso